LEADER 03225nam 22005775 450 001 9910299365903321 005 20251116204207.0 010 $a9783319768106 010 $a3319768107 024 7 $a10.1007/978-3-319-76810-6 035 $a(CKB)4100000004831960 035 $a(DE-He213)978-3-319-76810-6 035 $a(MiAaPQ)EBC5419666 035 $a(Perlego)3491249 035 $a(EXLCZ)994100000004831960 100 $a20180606d2018 u| 0 101 0 $aeng 135 $aurnn|008mamaa 181 $ctxt$2rdacontent 182 $cc$2rdamedia 183 $acr$2rdacarrier 200 12$aA Brain-Focused Foundation for Economic Science $eA Proposed Reconciliation between Neoclassical and Behavioral Economics /$fby Richard B. McKenzie 205 $a1st ed. 2018. 210 1$aCham :$cSpringer International Publishing :$cImprint: Palgrave Macmillan,$d2018. 215 $a1 online resource (XV, 219 p.) 311 08$a9783319768090 311 08$a3319768093 327 $a1. Economists' Core Concerns in the History of Economic Thought -- 2. Lionel Robbins and Scarcity -- 3. From Robbins to Friedman and Beyond -- 4. Behavioral Economics, Evolution, and the Human Brain -- 5. The Human Brain: The Ultimate Scarce, Efficient, and Rational Resource -- 6. A Brain-Focused Neoclassical Microeconomics. . 330 $aThis book argues that Lionel Robbins's construction of the economics field's organizing cornerstone, scarcity-and all that has been derived from it from economists in Robbins's time to today-no longer can generate general consent among economists. Since Robbins' Essay, economists have learned more than Robbins and his cohorts could have imagined about human decision making and about the human brain that is the lynchpin of human decision making. This book argues however that behavioral economists and neuroeconomists, in pointing to numerous ways people fall short of perfectly rational decisions (anomalies, biases, and downright errors), have saved conventional economics from such self-contradictions in what could be viewed as a wayward approach. This book posits that the human brain is the ultimate scarce resource, and that a focus on the brain can bring a new foundation for economics and can save the discipline from hostile criticisms from a variety of non-economists (many psychologists). 606 $aSchools of economics 606 $aEconomics$xHistory 606 $aExperimental economics 606 $aEconometrics 606 $aHeterodox Economics 606 $aHistory of Economic Thought and Methodology 606 $aExperimental Economics 606 $aQuantitative Economics 615 0$aSchools of economics. 615 0$aEconomics$xHistory. 615 0$aExperimental economics. 615 0$aEconometrics. 615 14$aHeterodox Economics. 615 24$aHistory of Economic Thought and Methodology. 615 24$aExperimental Economics. 615 24$aQuantitative Economics. 676 $a330.019 700 $aMcKenzie$b Richard B.$4aut$4http://id.loc.gov/vocabulary/relators/aut$00 906 $aBOOK 912 $a9910299365903321 996 $aA Brain-Focused Foundation for Economic Science$92544460 997 $aUNINA LEADER 04937nam 2200685Ia 450 001 9910954348303321 005 20260112202735.0 010 $a0-19-028245-2 010 $a0-19-535776-0 010 $a1-4294-0661-5 035 $a(CKB)1000000000405825 035 $a(EBL)1591185 035 $a(OCoLC)908078651 035 $a(SSID)ssj0000122626 035 $a(PQKBManifestationID)11145258 035 $a(PQKBTitleCode)TC0000122626 035 $a(PQKBWorkID)10124237 035 $a(PQKB)11288700 035 $a(OCoLC)25550126 035 $a(FINmELB)ELB166307 035 $a(MiAaPQ)EBC1591185 035 $a(EXLCZ)991000000000405825 100 $a19920225d1993 uy 0 101 0 $aeng 135 $aur|n|---||||| 181 $ctxt$2rdacontent 182 $cc$2rdamedia 183 $acr$2rdacarrier 200 14$aThe city in slang $eNew York life and popular speech /$fIrving Lewis Allen 205 $a1st ed. 210 $aNew York $cOxford University Press$d1993 215 $a1 online resource (320 pages) $cillustrations 300 $aDescription based upon print version of record. 311 08$a0-19-509265-1 320 $aIncludes bibliographical references (p. 275-287) and indexes. 327 $aContents; PART I: Manhattan in the Mirror of Slang; 1. New York City Life and Popular Speech; 2. The Social Meaning of City Streets; PART II: The Modern Ruptures of Traditional Life; 3. The Bright Lights; 4. New Ways of Urban Living; 5. Tall Buildings; PART III: The Shadow Worlds of Social Class in City Life; 6. Mean Streets; 7. The Sporting Life; PART IV: The Naming of Social Differences; 8. Social Types in City Streets; 9. Us and Them; 10. The Contempt for Provincial Life; Notes; References and Bibliography; Index of Words and Phrases; Author and Subject Index 330 $aThe American urban scene, and in particular New York's, has given us a rich cultural legacy of slang words and phrases, a bonanza of popular speech. Hot dog, rush hour, butter-and-egg man, gold digger, shyster, buttinsky, smart aleck, sidewalk superintendent, yellow journalism, breadline, straphanger, tar beach, the Tenderloin, the Great White Way, to do a Brodie--these are just a few of the hundreds of popular words and phrases that were born or took on new meaning in the streets of New York. In The City in Slang, Irving Lewis Allen traces this flowering of popular expressions that accompanied the emergence of the New York metropolis from the early nineteenth century down to the present. This unique account of the cultural and social history of America's greatest city provides ineffect a lexicon of popular speech about city life. With many stories Allen shows how this vocabulary arose from city streets, often interplaying with vaudeville, radio, movies, comics, and the popular songs of Tin Pan Alley. Some terms of great pertinence to city people today have unexpectedly old pedigrees. Rush hour was coined by 1890, for instance, and rubberneck dates to the late 1890s and became popular in New York to describe the busloads of tourists who craned their necks to see the tall buildings and thesights of the Bowery and Chinatown. The Big Apple itself (since 1971 the official nickname of New York) appeared in the 1920s, though first in reference to the city's top racetracks and to Broadway bookings as pinnacles of professional endeavor. Allen also tells fascinating stories behindonce-popular slang that is no longer in use. Spielers, for example, were the little girls in tenement districts who danced ecstatically on the sidewalks to the music of the hurdy-gurdy men and, when they were old enough, frequented the dance halls of the Lower East Side. Following the trail of these words and phrases into the city's East Side, West Side, and all around the town, from Harlem to Wall Street, and into the haunts of its high and low life, The City in Slang is a fascinating look at the rich cultural heritage of language about city life. 606 $aEnglish language$xSpoken English$zNew York (State)$zNew York 606 $aEnglish language$xSocial aspects$zNew York (State)$zNew York 606 $aEnglish language$zNew York (State)$zNew York$xSlang 606 $aPopular culture$zNew York (State)$zNew York 606 $aCity and town life$vTerminology 606 $aAmericanisms$zNew York (State)$zNew York 607 $aNew York (N.Y.)$xSocial life and customs 615 0$aEnglish language$xSpoken English 615 0$aEnglish language$xSocial aspects 615 0$aEnglish language$xSlang. 615 0$aPopular culture 615 0$aCity and town life 615 0$aAmericanisms 676 $a427.97471 676 $a427/.97471 700 $aAllen$b Irving L.$f1931-2002.$01887913 801 0$bMiAaPQ 801 1$bMiAaPQ 801 2$bMiAaPQ 906 $aBOOK 912 $a9910954348303321 996 $aThe city in slang$94526030 997 $aUNINA